| 000 | 00764nam a2200217Ia 4500 | ||
|---|---|---|---|
| 003 | GCL | ||
| 008 | 140319s9999 xx 000 0 ara d | ||
| 040 |
_aGCL / _cGCL |
||
| 082 | 0 | 4 |
_a071.962 _bم ن |
| 100 | 1 | _aالمجلس الاعلى للثقافة | |
| 245 | 1 | 0 |
_aندوة الاحتفال بذكرى مرور مائة عام على وفاة عبد الله النديم / _cالمجلس الاعلى للثقافة |
| 260 |
_aالقاهرة : _bالمجلس الاعلى للثقافة ، _c1995 |
||
| 300 | _a87 ص | ||
| 490 | _a | ||
| 650 | 0 | 4 | _aالادب العربى |
| 650 | 0 | 4 | _aالاصلاح الاجتماعى |
| 650 | 0 | 4 | _aالادباء العرب |
| 650 | 0 | 4 | _aالتنوير |
| 650 | 0 | 4 | _aعبدالله النديم |
| 942 |
_2ddc _cBK |
||
| 999 |
_c36734 _d36734 |
||